| 000 | 00390pab a2200169 454500 | ||
|---|---|---|---|
| 008 | 180718b2007 xxu||||| |||| 00| 0 eng d | ||
| 100 | _aAnand, Meenu | ||
| 245 | _aWomen in television: depictions and distortions | ||
| 260 | _c2007 | ||
| 300 | _ap.368-81. | ||
| 362 | _aOct-Dec | ||
| 650 | _aTelevision | ||
| 650 | _aWomen | ||
| 773 | _aSocial Action | ||
| 908 | _aN | ||
| 909 | _a76256 | ||
| 999 |
_c76256 _d76256 |
||